000
00326nam a2200109Ia 4500
008
171211s9999 xx 000 0 und d
245
_a
Capital Markets Law and Compliance: The Implications of MiFID
245
_c
Paul Nelson
260
_c
2008
650
_x
ECONOMICS
856
_u
http://down.ebook777.com/063/9780521889360.pdf
999
_c
349563
_d
349563